Lecciones de introducción a las ciencias jurídicas

محفوظ في:
التفاصيل البيبلوغرافية
المؤلف الرئيسي: Escobar De la Serna, Luis (مؤلف)
التنسيق: كتاب
اللغة:الإسبانية
منشور في: Madrid Dykinson 1990
الموضوعات:
الوسوم: إضافة وسم
لا توجد وسوم, كن أول من يضع وسما على هذه التسجيلة!

MARC

LEADER 00000nam a2200000 a 4500
001 UCV2805
003 CL-VaPUC
008 921112e19900000SP |||||||||||||||||spa|d
082 0 4 |a 340.1  |b ESC  |2 21 
100 0 |a Escobar De la Serna, Luis  |e author  |9 297075 
245 1 0 |a Lecciones de introducción a las ciencias jurídicas 
300 |a 569 p 
942 |c BK 
945 |d 19921112 00:00:00 
260 |a Madrid  |b Dykinson  |c 1990 
650 7 |a DERECHO ENSEÑANZA  |2 CL-VaPUC  |9 256747 
651 0 |a España  |9 254926 
583 |a last modification  |c 19921112 00:00:00  |k Rodrigo Vera 
999 |c 210292  |d 210290 
952 |0 0  |1 0  |4 0  |6 340_100000000000000_ESC_1990  |7 0  |8 DER_TF  |9 186411  |a BIBDER  |b BIBDER  |d 2019-11-14  |i 2538814  |o 340.1 ESC 1990  |p 2538814  |r 2023-01-25  |w 2019-11-14  |x Ubicación 4to Piso  |y BK  |z Estos recursos deben solicitarse con anticipación  |k DER